Normal view
MARC view
- GODELS THEOREM.INCOMPLETENESS THEOREMS
Entry Topical Term
001 - CONTROL NUMBER
- control field: 63090
003 - CONTROL NUMBER IDENTIFIER
- control field: NUST
005 - DATE AND TIME OF LATEST TRANSACTION
- control field: 20210628203047.0
008 - FIXED-LENGTH DATA ELEMENTS
- fixed length control field: 210628|| aca||aabn | a|a d
040 ## - CATALOGING SOURCE
- Original cataloging agency: NUST
- Transcribing agency: NUST
150 ## - HEADING--TOPICAL TERM
- Topical term or geographic name entry element: GODELS THEOREM.INCOMPLETENESS THEOREMS
670 ## - SOURCE DATA FOUND
- Source citation: Work cat.: (NUST): Franzen, Torkel 63089, Godels theorem, an incomplete guide to its use and abuse, 2005
